| 000 | 00366nam a2200145Ia 4500 | ||
|---|---|---|---|
| 008 | 230917s9999||||xx |||||||||||||| ||und|| | ||
| 040 |
_e115537 _aMAIN |
||
| 041 | _aEnglish | ||
| 082 | _a005.133 D32M | ||
| 100 | _aDawra, Sudhir | ||
| 245 | 0 | _aMastering graphics programming 'C' | |
| 260 |
_aBanglore _bFirwall media _c2006 |
||
| 300 | _axi, 286p p. | ||
| 942 | _cBK | ||
| 999 |
_c146083 _d146083 |
||